000 00374nam a2200145Ia 4500
008 231129s2010||||xx |||||||||||||| ||spa||
020 _a978-958-704-938-1
040 _bspa
082 _aPe863 V297f
100 _aVargas Llosa Mario
245 0 _aLa fiesta del chivo
260 _c2010
264 _aPunto de lectura
942 _2ddc
_cBKS
999 _c17129
_d17129